Presidentes de Colombia / (Registro nro. 3399)
[ vista simple ]
| 000 -LEADER | |
|---|---|
| fixed length control field | 00893nam a2200229Ia 4500 |
| 003 - CONTROL NUMBER IDENTIFIER | |
| control field | OSt |
| 005 - DATE AND TIME OF LATEST TRANSACTION | |
| control field | 20201013225540.0 |
| 008 - FIXED-LENGTH DATA ELEMENTS--GENERAL INFORMATION | |
| fixed length control field | 191128t1993 ck a gr 000 0 spa d |
| 020 ## - INTERNATIONAL STANDARD BOOK NUMBER | |
| International Standard Book Number | 9583000825 |
| 040 ## - CATALOGING SOURCE | |
| Original cataloging agency | CO-JMCR |
| Transcribing agency | CO-JMCR |
| 041 0# - LANGUAGE CODE | |
| Language code of text/sound track or separate title | spa |
| 082 04 - DEWEY DECIMAL CLASSIFICATION NUMBER | |
| Classification number | 0986.1 / |
| Item number | P723p |
| Edition number | 23 |
| 100 1# - MAIN ENTRY--PERSONAL NAME | |
| Personal name | Plazas Vega, Luis Alfonso, |
| Relator term | autor |
| 9 (RLIN) | 11466 |
| 245 10 - TITLE STATEMENT | |
| Title | Presidentes de Colombia / |
| Statement of responsibility, etc. | Alfonso Plazas Vega |
| 250 ## - EDITION STATEMENT | |
| Edition statement | Tercera edición |
| 260 ## - PUBLICATION, DISTRIBUTION, ETC. | |
| Place of publication, distribution, etc. | Bogotá : |
| Name of publisher, distributor, etc. | Panamericana, |
| Date of publication, distribution, etc. | ©1993 |
| 300 ## - PHYSICAL DESCRIPTION | |
| Extent | 336 páginas : |
| Other physical details | ilustraciones a color ; |
| Dimensions | 20 cm. |
| 500 ## - GENERAL NOTE | |
| General note | Incluye datos biográficos del autor. |
| 505 0# - FORMATTED CONTENTS NOTE | |
| Formatted contents note | La presidencia de la República -- Constitución política de Colombia (1991) -- Los presidentes -- Los presidentes encargados -- Datos curiosos -- Presidentes de Colombia desde el 7 de Agosto de 1819 |
| 650 14 - SUBJECT ADDED ENTRY--TOPICAL TERM | |
| Topical term or geographic name entry element | Presidentes colombianos |
| Chronological subdivision | 1819-2002 |
| 9 (RLIN) | 11467 |
| 942 ## - ADDED ENTRY ELEMENTS (KOHA) | |
| Source of classification or shelving scheme | Dewey Decimal Classification |
| Koha item type | Books |
| Withdrawn status | Lost status | Source of classification or shelving scheme | Damaged status | Not for loan | Collection code | Home library | Current library | Date acquired | Source of acquisition | Total Checkouts | Full call number | Barcode | Date last seen | Date last checked out | Copy number | Koha item type |
|---|---|---|---|---|---|---|---|---|---|---|---|---|---|---|---|---|
| Dewey Decimal Classification | Non-fiction | Biblioteca Pública José María del Castillo y Rada | Biblioteca Pública José María del Castillo y Rada | 04/12/2018 | Donación | 1 | 986.1 / P723p | 201807550 | 04/03/2025 | 04/02/2025 | Ej.1 | Books |